| 000 -LEADER |
| fixed length control field |
00792nam a22001337a 4500 |
| 040 ## - CATALOGING SOURCE |
| Transcribing agency |
RUA |
| 082 ## - DEWEY DECIMAL CLASSIFICATION NUMBER |
| Classification number |
AGR CHI 1998 B020 Or.1 |
| 100 ## - MAIN ENTRY--AUTHOR NAME |
| Personal name |
CHIN, SONEATH. |
| 245 ## - TITLE STATEMENT |
| Title |
ការបំផ្លាញនិងវិធានការកំចាត់ខ្មូតឡាស្យូឌែមម៉ាស៊េរីខន លើសន្លឹកថ្នាំស្ងួត ស្តុកក្នុងឃ្លាំងរបស់ក្រុមហ៊ុនថ្នាំជក់ អង់គ្លេស-អាមេរិក (the damage and control measures of lasioderma serricorne on dried leaves of tobacco storing in the warehouse of british american tovacco company)o |
| 260 ## - PUBLICATION, DISTRIBUTION, ETC. (IMPRINT) |
| Place of publication |
Phnom Penh |
| Name of publisher |
RUA |
| Year of publication |
1998 |
| 300 ## - PHYSICAL DESCRIPTION |
| Number of Pages |
57p. |
| Other physical details |
ill. |
| Dimensions |
29cm. |
| 856 ## - ELECTRONIC LOCATION AND ACCESS |
| Uniform Resource Identifier |
SON CHIN |
| 942 ## - ADDED ENTRY ELEMENTS (KOHA) |
| Koha item type |
AGR |
| 952 ## - LOCATION AND ITEM INFORMATION (KOHA) |
| Withdrawn status [LOCAL, KOHA] |
0 |
| 952 ## - LOCATION AND ITEM INFORMATION (KOHA) |
| Withdrawn status [LOCAL, KOHA] |
0 |
| 952 ## - LOCATION AND ITEM INFORMATION (KOHA) |
| Withdrawn status [LOCAL, KOHA] |
0 |
| 952 ## - LOCATION AND ITEM INFORMATION (KOHA) |
| Withdrawn status [LOCAL, KOHA] |
0 |
| 952 ## - LOCATION AND ITEM INFORMATION (KOHA) |
| Withdrawn status [LOCAL, KOHA] |
0 |